Cruzando fronteras de provincias españolas - Estadísticas

Estadísticas generales
  • Esta prueba ha sido intentada 3.378 veces
  • La puntuación promedio es 17 de 20
Estadísticas de respuestas
Comienza en Ve al... Provincia % Correcto
Badajoz Norte Cáceres
95%
Huelva Este Sevilla
94%
Madrid Sur Toledo
93%
Asturias Sur León
92%
Ourense Oeste Pontevedra
92%
Girona Sur Barcelona
90%
Zamora Sur Salamanca
88%
Jaén Norte Ciudad Real
86%
Almería Oeste Granada
86%
Murcia Norte Albacete
85%
Albacete Norte Cuenca
85%
Salamanca Este Ávila
80%
Palencia Este Burgos
80%
Huesca Sur Zaragoza
78%
Madrid Noroeste Segovia
77%
Jaén Oeste Córdoba
75%
Cádiz Este Málaga
75%
Guipúzcoa Este Navarra
73%
Castellón Oeste Teruel
73%
La Rioja Sur Soria
66%
No se encontraron pruebas coincidentes
Distribución de puntuación
Porcentaje de gente con cada puntuación
Porcentaje por número respondido
Historial de tus puntuaciones
No has intentado esta prueba.